Nueva especie de Digitaria Sect. Clavipilae (Poaceae: Panicoideae: Paniceae) de Colombia (Registro nro. 15370)

Detalles MARC
000 -CABECERA
Campo de control 004360000a22001210004500
090 ## - CLASIFICACIÓN LOCAL
Colección AS
Consecutivo Seriadas
041 0# - IDIOMA
Código de idioma para texto/pista de sonido o título separado
100 1# - ASIENTO PRINCIPAL--NOMBRE PERSONAL
Nombre personal Giraldo Cañas, Diego
245 10 - MENCION DE TITULO
Título Nueva especie de Digitaria Sect. Clavipilae (Poaceae: Panicoideae: Paniceae) de Colombia
246 3# - FORMA VARIANTE DEL TITULO
Título propiamente dicho/forma breve del título New species of Digitaria Sect. Clavipilae (Poaceae: Panicoideae: Paniceae) from Colombia
773 1# - Item fuente:
Título Caldasia
Descripción física 2
Paginas del Articulo 367-377
Lugar, editorial y fecha de publicación 2002
Información sobre la relación 24
942 ## - ELEMENTOS ADICIONALES (KOHA)
Tipo de ítem Artículo

No hay ítems disponibles.